00422nam a22001697a 4500010001200000020002200012035001200034037002300046082001200069100001700081245004300098250000900141260003000150270003100180300002400211700001700235 aB-78681 a817167478xc80.00 aB-78681 aDBAD/PUBbRupa &Co 22003aN aLawrence D H aWomen In Love/cLawrence D Hh english a2003 aNew DelhibRupa &Coc2003 a7/16,Ansari Road,Daryaganj a616Pagesc17 CM PBK aLawrence D H